[Event "AUTO-ADV-4905"]
[Site "http://www.queenalice.com/game.php?id=1869584"]
[Date "2026.2.22"]
[Round "2"]
[White "altair"]
[Black "Pin"]
[Result "0-1"]
[WhiteElo "1781"]
[BlackElo "2028"]

1. e4 c5 2. a3 d6 3. d3 Nc6 4. h3 Nf6 5. Nf3 e6 6. Nc3 Be7 7. Be3 Bd7 8. Be2 O-O
9. d4 cxd4 10. Nxd4 Rc8 11. O-O Nxd4 12. Bxd4 e5 13. Bxa7 Rxc3 14. bxc3 Nxe4 15.
Qd3 Nf6 16. Bf3 d5 17. Bxd5 Nxd5 18. Qxd5 Qc7 19. Be3 Bc6 20. Qd2 Rd8 21. Qe2
Ba4 22. Rab1 Qc6 23. Qg4 Bxc2 24. Rb6 Qxc3 25. Rc1 Bxa3 26. Rf1 Bg6 27. Rxb7 Bf8
28. Rc1 Qa3 29. Qe4 Bxe4 0-1

[Event "AUTO-ADV-4905"]
[Site "http://www.queenalice.com/game.php?id=1869585"]
[Date "2026.2.22"]
[Round "2"]
[White "Pin"]
[Black "altair"]
[Result "1-0"]
[WhiteElo "2073"]
[BlackElo "1781"]

1. d4 d5 2. Nf3 h6 3. e3 e6 4. c4 Nf6 5. Nc3 a6 6. Bd3 Bd6 7. O-O O-O 8. Ne5
Nfd7 9. f4 Bxe5 10. dxe5 f6 11. exf6 Qxf6 12. cxd5 exd5 13. Nxd5 Qd6 14. Nc3 Nc5
15. Bc4+ Be6 16. Qxd6 cxd6 17. Be2 Nbd7 18. e4 Bf7 19. Be3 Rae8 20. Rad1 Nxe4
21. Nxe4 Rxe4 22. Kf2 d5 23. Bf3 Re7 24. g3 Nf6 25. Bc5 Rfe8 26. Bxe7 Rxe7 27.
Rfe1 Rd7 28. Rd4 Ne8 29. Bg4 Rd8 30. Be6 Nc7 31. Bxf7+ Kxf7 32. Re5 b5 33. Ke3
Kf6 34. g4 g5 35. Rf5+ Kg6 36. fxg5 hxg5 37. Rd1 Re8+ 38. Kf3 Rd8 39. Rd2 d4 40.
Ke4 Ne6 41. Rd5 Rxd5 42. Kxd5 d3 43. Kxe6 1-0

[Event "AUTO-ADV-4924"]
[Site "http://www.queenalice.com/game.php?id=1870454"]
[Date "2026.3.13"]
[Round "1"]
[White "Shizumaru_Hisame"]
[Black "altair"]
[Result "0-1"]
[WhiteElo "1960"]
[BlackElo "1804"]

1. d4 d5 2. Bd2 Nc6 3. Bc3 e6 4. Nd2 h6 5. e4 Nf6 6. exd5 exd5 7. Bb5 Bd7 8.
Bxc6 Bxc6 9. Ngf3 Be7 10. Qe2 O-O 11. O-O-O a5 12. b3 b5 13. Nb1 b4 14. Bb2 a4
15. Nh4 axb3 16. axb3 Ne4 17. Nf5 Bd7 18. Ne3 Be6 19. f3 Nc3 20. Nxc3 bxc3 21.
Bxc3 c5 22. g3 Qb6 23. Rhf1 Bf6 24. dxc5 Qxc5 25. Bxf6 gxf6 26. Kd2 d4 27. Ng4
Qc3+ 28. Kc1 Ra1# 0-1

[Event "AUTO-ADV-4924"]
[Site "http://www.queenalice.com/game.php?id=1870462"]
[Date "2026.3.13"]
[Round "1"]
[White "dosoldini"]
[Black "altair"]
[Result "0-1"]
[WhiteElo "1616"]
[BlackElo "1810"]

1. e4 e5 2. Nc3 a6 3. Nf3 d6 4. h3 h6 5. d4 exd4 6. Nxd4 c5 7. Nf3 Nf6 8. Bd3
Be7 9. Be3 b5 10. e5 Nfd7 11. Be4 Nc6 12. Bxc6 Ra7 13. Qd5 O-O 14. Bxd7 Qxd7 15.
exd6 Bxd6 16. Ne4 Rd8 17. O-O-O Bb7 18. Qd3 Qe6 19. Bxc5 Bf4+ 20. Ned2 Rxd3 21.
Ne1 Bxd2+ 22. Rxd2 Rxd2 23. Bxa7 Qe2 0-1

[Event "AUTO-ADV-4924"]
[Site "http://www.queenalice.com/game.php?id=1870463"]
[Date "2026.3.13"]
[Round "1"]
[White "altair"]
[Black "dosoldini"]
[Result "1-0"]
[WhiteElo "1826"]
[BlackElo "1592"]

1. e4 e5 2. Nf3 Nc6 3. a3 Be7 4. d3 h6 5. Nc3 a6 6. Be2 d6 7. h3 Be6 8. b4 f5 9.
Bb2 Nf6 10. Na4 f4 11. Rc1 O-O 12. Nd2 d5 13. f3 Qd7 14. O-O Bxh3 15. gxh3 Qxh3
16. Rf2 Qe6 17. Rh2 Qf7 18. Bf1 Nh5 19. Bh3 Qg6+ 20. Rg2 Ng3 21. Nf1 Rad8 22.
Nxg3 fxg3 23. Nc5 Bxc5+ 24. bxc5 Rf4 25. Qe2 Rh4 26. Bg4 Qg5 27. Rxg3 h5 28. Rf1
Qf4 29. Qf2 hxg4 30. Bc1 Qf7 31. Bg5 Qxf3 32. Rxf3 gxf3 33. Bxh4 Rf8 34. exd5
Nd4 35. c3 Ne2+ 36. Kh2 Rf4 37. Bg3 Nxg3 38. Qxg3 1-0

[Event "AUTO-ADV-4868"]
[Site "http://www.queenalice.com/game.php?id=1870539"]
[Date "2026.3.13"]
[Round "2"]
[White "altair"]
[Black "maurice916"]
[Result "0-1"]
[WhiteElo "1825"]
[BlackElo "1943"]

1. e4 c6 2. d4 d5 3. e5 c5 4. c3 Nc6 5. Nf3 Bg4 6. h3 Bh5 7. Be2 e6 8. h4 cxd4
9. cxd4 Qb6 10. b3 Bxf3 11. Bxf3 Qxd4 12. Qxd4 Nxd4 13. Nd2 Nc2+ 14. Kd1 Nxa1
15. Bb2 Nxb3 16. axb3 Rc8 17. Ke2 Bb4 18. Ra1 a5 19. Bg4 Rc2 20. Rd1 Ne7 21. Bc1
O-O 22. Kf1 Rfc8 23. Nf3 Rxc1 24. Nd4 Rxd1+ 25. Bxd1 Nf5 26. Nf3 Rc1 27. Ke2 Rb1
28. g4 Rb2+ 29. Kf1 Ne7 30. Nd4 Bc3 31. Nb5 Bxe5 32. Kg2 Nc6 33. Kf3 g6 34. Ke3
Nb4 35. f4 Bg7 36. Nd6 b6 37. f5 e5 38. fxg6 hxg6 39. h5 gxh5 40. gxh5 Nc6 41.
Nc8 Bh6+ 42. Kd3 Rd2+ 43. Kc3 Rxd1 44. Nxb6 d4+ 45. Kc4 Nb4 46. Kb5 d3 47. Kxa5
Nc2 48. Nc4 Bd2+ 49. Kb5 Be1 50. Nxe5 d2 51. Nf3 Rb1 0-1

[Event "AUTO-ADV-4925"]
[Site "http://www.queenalice.com/game.php?id=1870688"]
[Date "2026.3.19"]
[Round "1"]
[White "Daniel1962"]
[Black "altair"]
[Result "1-0"]
[WhiteElo "1705"]
[BlackElo "1818"]

1. d4 d5 2. Bf4 e6 3. Nf3 h6 4. e3 a6 5. Bd3 g6 6. Be5 f6 7. Bxg6+ Ke7 8. Bg3
Nc6 9. c3 f5 10. Bh4+ Nf6 11. Nbd2 Bg7 12. Ne5 Bd7 13. Nf7 Qf8 14. Nxh8 Bxh8 15.
Qb3 b5 16. Qa3+ b4 17. cxb4 Kd8 18. Nb3 Bc8 19. Bxf6+ Bxf6 20. Nc5 Qg8 21. Bh5
Qxg2 22. Ke2 Bh4 23. Raf1 Qg5 24. Bf7 Qg4+ 25. Kd2 Ke7 26. Rhg1 Qh3 27. b5 Nb8
28. Nxe6+ Kd7 29. Qc5 Bb7 30. Qxc7# 1-0

[Event "AUTO-ADV-4925"]
[Site "http://www.queenalice.com/game.php?id=1870689"]
[Date "2026.3.19"]
[Round "1"]
[White "altair"]
[Black "Daniel1962"]
[Result "1-0"]
[WhiteElo "1796"]
[BlackElo "1743"]

1. e4 e5 2. Nf3 f6 3. a3 Bc5 4. c3 Nc6 5. Be2 Nh6 6. h3 Nf7 7. O-O d6 8. a4 Na5
9. b4 Ng5 10. bxa5 Nxf3+ 11. Bxf3 Be6 12. d4 exd4 13. cxd4 Bb4 14. Bd2 Bxd2 15.
Nxd2 c6 16. d5 Bd7 17. Nc4 cxd5 18. Nxd6+ Kf8 19. Qxd5 g5 20. Qf7# 1-0

[Event "AUTO-ADV-4925"]
[Site "http://www.queenalice.com/game.php?id=1870696"]
[Date "2026.3.19"]
[Round "1"]
[White "altair"]
[Black "maurice916"]
[Result "0-1"]
[WhiteElo "1826"]
[BlackElo "1900"]

1. e4 c6 2. d4 d5 3. e5 c5 4. c3 Nc6 5. Nf3 Bg4 6. h3 Bxf3 7. Qxf3 e6 8. Be3 Qb6
9. b3 cxd4 10. cxd4 Bb4+ 11. Bd2 Bxd2+ 12. Nxd2 Qxd4 13. Rd1 Qxe5+ 14. Be2 Nf6
15. O-O Nd4 16. Qd3 Nxe2+ 17. Kh1 Nf4 18. Qb5+ Kf8 19. Qxb7 Re8 20. Nf3 Qd6 21.
Ng5 Qe7 22. Qb5 Nd7 23. Nf3 g6 24. Rd4 Nh5 25. Qd3 Kg7 26. Re1 Nhf6 27. Nh4 Ne4
28. Nf5+ gxf5 29. Qe3 Qg5 30. Qe2 Ne5 31. Kg1 Rhg8 32. f3 Nxf3+ 33. Qxf3 Kh8 34.
Re2 Ng3 35. Rc2 Qf6 36. Rd3 Qe5 37. Re3 Qa1+ 0-1

[Event "AUTO-ADV-4930"]
[Site "http://www.queenalice.com/game.php?id=1871925"]
[Date "2026.4.14"]
[Round "1"]
[White "altair"]
[Black "chessman"]
[Result "0-1"]
[WhiteElo "1834"]
[BlackElo "2011"]

1. e4 e6 2. d4 d5 3. e5 c5 4. Nc3 cxd4 5. Qxd4 Nc6 6. Bb5 Bd7 7. Bxc6 Bxc6 8.
Nf3 Ne7 9. b3 Nf5 10. Qd3 Bb4 11. Bd2 Rc8 12. Bg5 Qa5 13. a3 Bxc3+ 14. Bd2 Bb5
0-1

[Event "AUTO-ADV-4930"]
[Site "http://www.queenalice.com/game.php?id=1871940"]
[Date "2026.4.14"]
[Round "1"]
[White "altair"]
[Black "Capixabba789"]
[Result "1-0"]
[WhiteElo "1813"]
[BlackElo "1929"]

1. e4 e5 2. Nf3 d6 3. h3 Nc6 4. a3 f5 5. exf5 Nf6 6. Bc4 Bxf5 7. Nc3 Qe7 8. d4
e4 9. Nh4 Bg6 10. O-O Bf7 11. Re1 d5 12. Bb3 O-O-O 13. Nf5 Qe8 14. Bg5 Kb8 15.
Bxf6 gxf6 16. Ne3 h5 17. Bxd5 Bh6 18. Bxf7 Qxf7 19. Nf5 Bg5 20. Rxe4 h4 21. d5
Ne5 22. b4 Rhe8 23. Qd4 Qd7 24. a4 Qxf5 25. Nb5 b6 26. a5 Nc6 27. Qc4 Rxe4 28.
Qxc6 Qd7 29. Nxa7 Qxc6 30. Nxc6+ Kc8 31. Nxd8 Kxd8 32. a6 Kc8 33. a7 1-0